Biblioteca

Guía para realizar una cumbre de oración / Julián Aristizábal Aristizábal ; Nancy Ariza Calderón ; Guillermo Trujillo Céspedes (Registro nro. 35521)

Detalles MARC
000 -LÍDER
Campo fijo de descripción fija 011550000a22001690004500
001 - NÚMERO DE CONTROL
Campo de control 5020
100 1# - ASIENTO PRINCIPAL--NOMBRE PERSONAL
Nombre personal Aristizábal Aristizábal, Julián
245 10 - TÍTULO
Título del Material Guía para realizar una cumbre de oración / Julián Aristizábal Aristizábal ; Nancy Ariza Calderón ; Guillermo Trujillo Céspedes
260 ## - PUBLICACIÓN, DISTRIBUCIÓN, ETC. (PIE DE IMPRENTA)
Lugar de publicación, distribución, etc. Colombia : FUSBC
300 ## - DESCRIPCIÓN FÍSICA
Extensión 60 Pág.
650 14 - ASIENTO SECUNDARIO DE MATERIA - TERMINO TEMÁTICO
Término temático o nombre geográfico como elemento de entrada GRUPOS DE ORACION \ ORACION \ CRECIMIENTO ESPIRITUAL \ ESPIRITU SANTO \ LIDERAZGO
700 1# - ASIENTO SECUNDARIO - NOMBRE PERSONAL
Nombre personal Ariza Calderón, Nancy \ Trujillo Céspedes, Guillermo
942 ## - TIPO DE MATERIAL (KOHA)
Tipo de Item KOHA Libros General
Existencias
Estado de Material Estado de Perdido Estado de Dañado No para Préstamo Colección Tomo Biblioteca de Origen Biblioteca Permanente Fecha de Adquisición Total de Préstamos Signatura Topográfica Código de Barras Última vez visto Ejemplar/Existencia Fecha de Remplazo Tipo de Material
        Trabajos de grado   Biblioteca FUSBC Biblioteca FUSBC 30/04/2009   T Ar45g 17027 12/12/2019 1 26/01/2016 Trabajos de Grado

Biblioteca FUSBC | Teléfono: (57+4) 349 88 10 Ext. 141| WhatsApp (+57) 3005338115 
E-mail: biblioteca@unisbc.edu.co | Calle 76 87-14 Robledo Palenque, Medellín, Colombia

Con tecnología Koha